000 01064nas a2200313 4500
001 BR0205603
003 BR-BrBNA
005 20231205103406.0
007 ta
008 230509b bl.|||p| |||| 00| 00por d
040 _aBR-BrBNA
_bpor
_cBiblioteca Nacional de Agricultura
041 _a(Pt)
072 _aL73; L70
100 1 _aMathias, L.A.
100 1 _aChaves, L.F.
100 1 _aChen, A.A.
100 1 _aGirio, R.J.S.
100 1 _aValério Neto, W.
245 1 _aEvolução de títulos sorológicos, nas provas de soroaglutinação em placa, antígeno acidificado tamponado e fixação de complemento, em bezerras Nelore vacinadas aos 18 meses de idade com Brucella abortus amostra B 19
650 _aBEZERRO DE CORTE
650 _aANTÍGENO
650 _aBRUCELOSE
650 _aPROFILAXIA
650 _aVACINA
650 _aSORO-AGLUTINAÇÃO
773 0 _tPesquisa Veterinária Brasileira (Brazil)
_xISSN 0100-736X
_g(Oct-Dec 2001), v. 21(4) p. 139-142
_wBR0205603
909 _a202311
_bLúcia
_c55
_dLúcia Elande
942 _2AGRIS
_n0
_cANA
999 _c172619
_d172619